000 00797cab a2200229 4500
001 WB3314-52
008 090401t1997 xxu||||| |||| 00| 0 eng d
035 _a(Sirsi) u77495
041 _aeng
245 _aGreenham Common put out to grass
260 _c1997
350 _a0
490 _aGuardian
_v29 March 1997, 6(2)
520 _aFormer Greenham Common air base has been purchased by Newbury DC for £7m from the MoD. Newbury DC has formed the Greenham Common Management Company with local businesses aimed at restoring the disused airbase to public heathland. Map. Includes a brief history of the site.
650 _aCONTAMINATED LAND
650 _aGREENHAM COMMON
650 _aNUCLEAR BASES
650 _aPARTNERSHIPS
690 _aLAND
942 _n0
948 _c02/04/1997
999 _c48723
_d48723